La naturaleza como texto: hermenéutica y crisis medioambiental

Guardat en:
Dades bibliogràfiques
Autor principal: Villarroel, Raúl (Autor)
Format: Llibre
Idioma:espanyol
Publicat: Santiago Universitaria 2006
Edició:1a. ed
Col·lecció:El Saber y La Cultura. Filosofía
Matèries:
Etiquetes: Afegir etiqueta
Sense etiquetes, Sigues el primer a etiquetar aquest registre!

MARC

LEADER 00000nam a2200000 a 4500
001 UCG7299
003 CL-VaPUC
008 110707e20061200CL |||||||||||||||||spa|d
020 |a 9561119110 
082 0 4 |a 190  |b VIL  |2 21 
100 0 |a Villarroel, Raúl  |e author  |9 557983 
245 1 3 |a La naturaleza como texto: hermenéutica y crisis medioambiental 
250 |a 1a. ed 
300 |a 223 p 
942 |c BK 
945 |d 20110707 00:00:00  |a jcampos 
260 |a Santiago  |b Universitaria  |c 2006 
650 0 |a Filosofía contemporánea  |9 265372 
650 7 |a ECOLOGISMO  |2 CL-VaPUC  |9 503978 
650 0 |a Medio ambiente  |9 257625 
650 0 |a Hermenéutica  |9 269473 
583 |a last modification  |c 20110707 00:00:00  |k Rodrigo Vera 
490 0 |a El Saber y La Cultura. Filosofía 
999 |c 345325  |d 345323 
952 |0 0  |1 0  |4 0  |6 190_000000000000000_VIL_2006  |7 0  |8 A  |9 443926  |a BIBARQ  |b BIBARQ  |d 2019-11-22  |i 4783115  |o 190 VIL 2006  |p 4783115  |r 2025-01-20  |w 2019-11-22  |y BK  |k ARQ